[Dôchodkové správcovské spoločnosti]
Z obsahu: Súboj o milión budúcich dôchodcov odštartoval potichu. Dôchodkové správcovské spoločnosti (DSS), ktoré požiadali o licenciu. Druhý pilier dôchodkovej reformy nebude nič pre špekulantov - DSS stavili na vlastné renomé a dôveru klientov. Reklamná kampaň DSS. O rozdelení koláča rozhodne dôver...
Salvato in:
| Autore principale: | |
|---|---|
| Altri autori: | |
| Natura: | Capitolo di libro |
| Lingua: | slovacco |
| Soggetti: | |
| Tags: |
Nessun Tag, puoi essere il primo ad aggiungerne!!
|
MARC
| LEADER | 00000naa$a2200000$$$4500 | ||
|---|---|---|---|
| 001 | 0018219 | ||
| 005 | 20231009075339.4 | ||
| 041 | 0 | |a slo | |
| 044 | |a SK | ||
| 245 | 1 | 0 | |a [Dôchodkové správcovské spoločnosti] |c aut. Ján Záborský, Zuzana Horníková |
| 520 | |a Z obsahu: Súboj o milión budúcich dôchodcov odštartoval potichu. Dôchodkové správcovské spoločnosti (DSS), ktoré požiadali o licenciu. Druhý pilier dôchodkovej reformy nebude nič pre špekulantov - DSS stavili na vlastné renomé a dôveru klientov. Reklamná kampaň DSS. O rozdelení koláča rozhodne dôveryhodnosť značky a distribučná sieť. | ||
| 610 | 2 | 0 | |a dôchodcovia |
| 610 | 2 | 0 | |a spoločnosti správcovské dôchodkové |
| 610 | 2 | 0 | |a licencie |
| 610 | 2 | 0 | |a klienti |
| 610 | 2 | 0 | |a reklama |
| 610 | 2 | 0 | |a distribúcia |
| 100 | 1 | |a Záborský, Ján | |
| 700 | 1 | |a Horníková, Zuzana | |